01078cam a22003014i 4500003000900000005001700009008004100026020001500067035002700082040003300109082002000142100003100162245009400193264002900287300003800316336002100354337002500375338002300400490004200423505023000465526000900695526000900704526000800713526000800721526000800729526000800737650003100745PE-LiUPU20250731175617.0150617s                r     000 0     d  a8424922190  a(Sirsi) i9788424922191  aPE-LiUPUbspacPE-LiUPUerda04a410.01bG482211 aGilson, Étienne,eautor.10aLingüística y filosofía :bensayos sobre las constantes filosóficas del lenguaje. 1aMadrid :bGredos,c1974.  a334 páginas ;c20 centímetros  atext2rdacontent  aunmediated2rdamedia  avolume2rdacarrier0 aBiblioteca Hispánica de Filosofía0 aEl mito de la descomposición del pensamiento -- La palabra y el sentido -- El lenguaje como hecho humano -- La palabra y el concepto -- Sobre las costumbres del lenguaje -- Lo hablado y lo escrito -- La «carta séptima».  aP145  aP127  aP97  aP35  aP14  aP0704aLINGÜISTICA Y FILOSOFIA.